000 00789nam1a22002291i 4500
001 rc\22193
005 20240723205321.0
035 _a(NLR Aleph) 005309278
090 _a6369345
_c6369345
100 _a20021204d1994 u |0rusy50 ca
101 0 _arus
102 _aRU
105 _ay |||||||||
200 1 _aМУДРЫЕ советы и мысли святых отцов
_eСобр. из творений святых отцов и подвижников благочестия
210 _aМ.
_cПаломник
_d1994
215 _d20
225 1 _aКрупицы духовной мудрости...
225 1 _aОбщедоступное святоотеческое чтение
801 0 _aRU
_bNLR
_gpsbo
801 1 _aRU
_bELAR
_2rusmarc
852 _aNLR
_jП37/102
942 _cBOOK